| 000 | 00708cam a22001817a 4500 | ||
|---|---|---|---|
| 008 | 180718b2000 xxu||||| |||| 00| 0 eng d | ||
| 082 | _aP45x54 An89 | ||
| 100 | _aAnuradha De | ||
| 245 |
_aRole of private schools in basic education _cby Anuradha De and others |
||
| 260 |
_aNew Delhi _bNational Institute of Educational Planning and Administration _c2000 |
||
| 300 | _a52p. | ||
| 440 | _aYear 2000 assessment: education for all | ||
| 650 | _aEducation, Elementary - India | ||
| 650 | _aPrivate schools - India | ||
| 700 | _aIndia. Ministry of Human Resource Development | ||
| 700 | _aIndian National Commission for Cooperation | ||
| 700 | _aNational Institute of Educational Planning and Administration | ||
| 999 |
_c475475 _d475475 |
||